| 000 | 00376nam a2200145Ia 4500 | ||
|---|---|---|---|
| 008 | 220204s9999 xx 000 0 und d | ||
| 082 |
_a678.073 _bOGO |
||
| 245 | 0 | _aThermoplastics: Effects of processing | |
| 260 |
_aLondon _bIliffe _c1969 |
||
| 650 | _aBlow moulding | ||
| 650 | _aInjection moulding | ||
| 650 | _aThermoplastics | ||
| 700 | _aOgorkiewilz, R M | ||
| 942 | _cBK | ||
| 999 |
_c22448 _d22448 |
||